LEADER 00964nam0 22002773i 450 001 IEI0379144 005 20231121125510.0 010 $b(errato)$z9788897539018 100 $a20161125d2012 ||||0itac50 ba 101 | $aita 102 $ait 181 1$6z01$ai $bxxxe 182 1$6z01$an 200 1 $a˜Uno œdi noi due$edialogo in tre atti$fJean-Noël Jeanneney$gtraduzione Angelo Pavia 210 $aRoma$cPortaparole$d2012 215 $a82 p.$d20 cm 676 $a842.92$9Letteratura drammatica francese. 2000-$v22 700 1$aJeanneney$b, Jean-Noel$3MILV034737$4070$0383837 801 3$aIT$bIT-01$c20161125 850 $aIT-FR0017 899 $aBiblioteca umanistica Giorgio Aprea$bFR0017 $eN 912 $aIEI0379144 950 0$aBiblioteca umanistica Giorgio Aprea$d 52MAG 2/1787$e 52SBA0000219195 VMN RS $fA $h20161129$i20161129 977 $a 52 996 $aDi noi due$93607545 997 $aUNICAS LEADER 01228nam0 22003011i 450 001 UON00279741 005 20231205103831.934 010 $a88-7543-078-0 100 $a20060710d2005 |0itac50 ba 101 $aita$aKOR 102 $aIT 105 $a|||| 1|||| 200 1 $aFiori d'un istante$fKo Un$gA cura di Vincenza D'Urso 210 $aVenezia$cLibreria Editrice Cafoscarina$d2005 215 $a190 p.$d16 cm 410 1$1001UON00018661$12001 $aCina e altri Orienti$fcollana diretta da Maurizio Scarpari$1210 $aVenezia$cCafoscarina$d19..- v. ; cm$v17 606 $aLETTERATURA COREANA$xPoesie$xAntologie$3UONC031613$2FI 620 $aIT$dVenezia$3UONL000039 686 $aCOR VI B$cCOREA - LETTERATURA MODERNA E CONTEMPORANEA$2A 700 0$aKO Un$3UONV162011$0692524 702 1$aD'URSO$bVincenza$3UONV155064 712 $aCafoscarina$3UONV246423$4650 801 $aIT$bSOL$c20240220$gRICA 899 $aSIBA - SISTEMA BIBLIOTECARIO DI ATENEO$2UONSI 912 $aUON00279741 950 $aSIBA - SISTEMA BIBLIOTECARIO DI ATENEO$dSI COR VI B 015 N $eSI SA 117307 5 015 N 996 $aFiori d'un istante$91247224 997 $aUNIOR